| 000 | 01743nam0a2200349 4500 | ||
|---|---|---|---|
| 001 | RU\NLR\bibl\1083284 | ||
| 005 | 20230922135608.0 | ||
| 010 |
_a5-06-004953-1 _92000 |
||
| 021 |
_aRU _b2007-21361 _91124 |
||
| 035 | _a(NLR Aleph) 001070457 | ||
| 090 |
_a995362 _c995362 |
||
| 100 | _a20070510d2007 u y0rusy50 ca | ||
| 101 | 0 |
_arus _afre |
|
| 102 | _aRU | ||
| 105 | _ay ||||||||| | ||
| 200 | 1 |
_aПредлоги французского языка _eсловарь-справочник _eучебное пособие для студентов высших учебных заведений, обучающихся по специальностям направления 620100 - Лингвистика и межкультурная коммуникация _fГ.А. Тер-Авакян, С.Г. Тер-Авакян |
|
| 205 | _a2-е изд., перераб. и доп. | ||
| 210 |
_aМосква _cВысшая школа _d2007 |
||
| 215 |
_a318, [1] с. _d21 |
||
| 320 | _aБиблиогр.: с. 317-318 | ||
| 320 | _aАлф. указ. слов, не вынес. в заголовки ст.: с. 272-316 | ||
| 606 | 1 |
_aФранцузский язык _jУчебные издания для высших учебных заведений _xПредлоги _91957305 _3RU\NLR\auth\66895698 |
|
| 686 | _aШ147.11-212.8я7 | ||
| 686 | _aШ147.11-93рус3-212.8 | ||
| 700 | 1 |
_4070 _7ca _8rus _aТер-Авакян _bГ. А. _gГрант Айкович _936176 _3RU\NLR\AUTH\7753244 |
|
| 701 | 1 |
_4070 _7ca _8rus _aТер-Авакян _bС. Г. _gСергей Грантович _9403 _3RU\NLR\AUTH\7717316 |
|
| 801 | 0 |
_aRU _bNLR _c20070510 _gRCR |
|
| 801 | 1 |
_aRU _bNLR _c20070510 |
|
| 942 | _cBOOK | ||
| 980 | _aNB | ||